<?xml version="1.0" encoding="UTF-8"?>
<record
    xmlns:xsi="http://www.w3.org/2001/XMLSchema-instance"
    xsi:schemaLocation="http://www.loc.gov/MARC21/slim http://www.loc.gov/standards/marcxml/schema/MARC21slim.xsd"
    xmlns="http://www.loc.gov/MARC21/slim">

  <leader>01381nam a2200205 a 4500</leader>
  <controlfield tag="008">011117t2008    ag  |||g |||| 000 0 spa d</controlfield>
  <datafield tag="020" ind1=" " ind2=" ">
    <subfield code="a">9789876410045</subfield>
  </datafield>
  <datafield tag="041" ind1=" " ind2=" ">
    <subfield code="a">spa</subfield>
  </datafield>
  <datafield tag="092" ind1=" " ind2=" ">
    <subfield code="c">808</subfield>
    <subfield code="l">51</subfield>
    <subfield code="s">MAT</subfield>
  </datafield>
  <datafield tag="100" ind1="1" ind2=" ">
    <subfield code="a">Maturo, Graciela</subfield>
    <subfield code="9">2982</subfield>
  </datafield>
  <datafield tag="245" ind1=" " ind2=" ">
    <subfield code="a">Antolog&#xED;a po&#xE9;tica.</subfield>
    <subfield code="p">Poetas argentinos contempor&#xE1;neos /</subfield>
    <subfield code="c">Graciela Maturo</subfield>
  </datafield>
  <datafield tag="250" ind1=" " ind2=" ">
    <subfield code="a">1a ed.</subfield>
  </datafield>
  <datafield tag="260" ind1=" " ind2=" ">
    <subfield code="a">Buenos Aires:</subfield>
    <subfield code="b">Fondo Nacional de las Artes;</subfield>
    <subfield code="c">2008.</subfield>
  </datafield>
  <datafield tag="300" ind1=" " ind2=" ">
    <subfield code="a">156 p.</subfield>
    <subfield code="c">19x11 cm.</subfield>
  </datafield>
  <datafield tag="500" ind1=" " ind2=" ">
    <subfield code="a">Maturo, G. (2006). Antolog&#xED;a po&#xE9;tica. Poetas argentinos contempor&#xE1;neos. (1a ed.). Buenos Aires : Fondo Nacional de las Artes.</subfield>
  </datafield>
  <datafield tag="505" ind1=" " ind2=" ">
    <subfield code="a">La poes&#xED;a de Graciela Maturo nace de un espont&#xE1;neo reclamo interior, es un canto de alto contenido emocional, la visi&#xF3;n de un poeta de majestad conciente y perspectiva c&#xF3;smica, que al impulso de intransferibles intuiciones transita la imprecisa frontera que separa al mundo formal de la imagen real del universo que se oculta tras un velo (...) Su proceso dial&#xE9;ctico se ordena en un itinerario ascendente: soledad, revelaci&#xF3;n, intuici&#xF3;n de lo absoluto a trav&#xE9;s de la imagen numinosa del mar, desesperado intento por perpetuar esos momentos de transformaci&#xF3;n en el que el yo liberado, supera la angustia de la condici&#xF3;n separada y se integra en la unidad. </subfield>
  </datafield>
  <datafield tag="590" ind1=" " ind2=" ">
    <subfield code="a">Donaci&#xF3;n. Proyecto Literatura 4to libro</subfield>
  </datafield>
  <datafield tag="655" ind1=" " ind2=" ">
    <subfield code="a">Literatura</subfield>
    <subfield code="9">2917</subfield>
  </datafield>
  <datafield tag="942" ind1=" " ind2=" ">
    <subfield code="2">ddc</subfield>
    <subfield code="c">LIT</subfield>
  </datafield>
  <datafield tag="999" ind1=" " ind2=" ">
    <subfield code="c">2538</subfield>
    <subfield code="d">2538</subfield>
  </datafield>
  <datafield tag="952" ind1=" " ind2=" ">
    <subfield code="0">0</subfield>
    <subfield code="1">0</subfield>
    <subfield code="2">ddc</subfield>
    <subfield code="4">0</subfield>
    <subfield code="7">0</subfield>
    <subfield code="a">BFM</subfield>
    <subfield code="b">BFM</subfield>
    <subfield code="c">CR</subfield>
    <subfield code="d">2017-11-03</subfield>
    <subfield code="e">Donaci&#xF3;n Fondo Nacinal de las Artes, Octubre 2017</subfield>
    <subfield code="l">0</subfield>
    <subfield code="o">808 51 MAT</subfield>
    <subfield code="p">3978</subfield>
    <subfield code="r">2017-11-03</subfield>
    <subfield code="t">Ej. 1</subfield>
    <subfield code="w">2017-11-03</subfield>
    <subfield code="y">LIT</subfield>
    <subfield code="z">Proyecto 4to Libro, Donaci&#xF3;n Fondo Nacional de las Artes, Octubre 2017</subfield>
  </datafield>
</record>
